|
|
|
|
| LEADER |
00000nbm0a2200000 4500 |
| 001 |
78477 |
| 005 |
20231031093845.0 |
| 035 |
|
|
|a (RuTPU)RU\TPU\book\84100
|
| 090 |
|
|
|a 78477
|
| 100 |
|
|
|a 20050622d1979 k y0rusy50 ca
|
| 101 |
0 |
|
|a rus
|
| 102 |
|
|
|a RU
|
| 105 |
|
|
|a a m 001zy
|
| 200 |
1 |
|
|a Влияние отклонений напряжения на технико-экономические показатели электроприемников нефтеперерабатывающих и нефтеимических предприятий
|e диссертация на соискание ученой степени кандидата технических наук
|e Спец. 05.14.02
|f А. И. Мирошник
|g Томский политехнический институт; науч. рук. Р. И. Борисова
|
| 210 |
|
|
|a Томск
|c [Б. и.]
|d 1979
|
| 215 |
|
|
|a 241л.
|c ил.
|
| 320 |
|
|
|a Библиогр.: с. 121-124 (48 назв.)
|
| 610 |
1 |
|
|a диссертации
|
| 610 |
1 |
|
|a отклонения напряжений
|
| 610 |
1 |
|
|a технико-экономические показатели
|
| 610 |
1 |
|
|a электрические приемники
|
| 610 |
1 |
|
|a нефтеперерабатывающие предприятия
|
| 610 |
1 |
|
|a нефтехимические предприятия
|
| 610 |
1 |
|
|a гистограммы
|
| 610 |
1 |
|
|a напряжение
|
| 610 |
1 |
|
|a реактивная мощность
|
| 610 |
1 |
|
|a электродвигатели
|
| 610 |
1 |
|
|a электродвигатели асинхронные
|
| 610 |
1 |
|
|a оптимизация
|
| 675 |
|
|
|a 665.6(04)
|v 3
|
| 700 |
|
1 |
|a Мирошник
|b А. И.
|g Анатолий Иванович
|
| 702 |
|
1 |
|a Борисова
|b Р. И.
|4 727
|
| 712 |
0 |
2 |
|a Томский политехнический институт
|2 stltpush
|3 (RuTPU)RU\TPU\col\1123
|
| 801 |
|
1 |
|a RU
|b 63413507
|c 20050622
|g PSBO
|
| 942 |
|
|
|c BK
|